| 000 | 00600nam a22001937a 4500 | ||
|---|---|---|---|
| 003 | KOHA_MİRAKIL | ||
| 005 | 20251105142612.0 | ||
| 008 | 251105b tu ||||| |||| 00| 0 tur d | ||
| 020 | _a9786256385757 | ||
| 040 |
_aTR-AnABB _btur _cTR-AnABB |
||
| 041 | _atur | ||
| 082 |
_a353.992 _bGUN 2023 |
||
| 100 | 1 | _aGüneş, Mehmet, | |
| 245 | 1 | 0 |
_aMuhtarlık Osmanlı'dan Cumhuriyet'e köy ve mahalle idaresi / _cMehmet Güneş |
| 260 |
_aİstanbul : _bVakıfbank Kültür Yayınları, _c2023 |
||
| 300 |
_a358 sayfa ; _c20 cm |
||
| 650 | 0 | 4 | _aOsmanlı İmparatorluğu dönem |
| 942 |
_2ddc _cBK |
||
| 999 |
_c9283 _d9283 |
||
| 900 | _bGizem YORULMAZ | ||